[Event "33.Schlosspark-Open"]
[Site "Wiesbaden-Biebrich"]
[Date "2024.08.24"]
[Round "5.30"]
[White "Kolker, Vladislav"]
[Black "McAdam, Mark"]
[Result "0-1"]
[WhiteElo "1886"]
[BlackElo "1995"]
[PlyCount "72"]
[EventDate "2024.08.22"]
[WhiteTeam "SC Bad Nauheim"]
[BlackTeam "SC Brett vorm Kopp Ffm"]

1. e4 c6 2. Nf3 d5 3. exd5 cxd5 4. Ne5 Nf6 5. d4 g6 6. c3 Bg7 7. Bd3 O-O 8. O-O Nc6 9. f4 Bf5 10. Bxf5 gxf5 11. Nd2 e6 12. Ndf3 Ne7 13. Be3 b5 14. a3 a5 15. Nd3 Nc8 16. Nfe5 Nd6 17. Nc5 Nc4 18. Qe2 Qc7 19. a4 Nxe3 20. Qxe3 Rfb8 21. b3 Ne4 22. Nxe4 fxe4 23. Rfc1 bxa4 24. bxa4 Rb3 25. Qd2 f6 26. Ng4 Rc8 27. c4 dxc4 28. Rc3 Rxc3 29. Qxc3 Qxf4 30. Ne3 f5 31. Rd1 Qc7 32. Rc1 Qa7 33. Rd1 Qb6 34. Nxc4 Qc6 35. Rc1 Qxa4 36. Kf1 Qb4 0-1

[Event "33.Schlosspark-Open"]
[Site "Wiesbaden-Biebrich"]
[Date "2024.08.24"]
[Round "5.31"]
[White "Hoffmann, Christian"]
[Black "Mandalka, Justus"]
[Result "1/2-1/2"]
[WhiteElo "1879"]
[BlackElo "1981"]
[PlyCount "112"]
[EventDate "2024.08.22"]
[WhiteTeam "SAbt BKA Wiesbaden"]
[BlackTeam "SK Bad Homburg 1927"]

1. e4 c5 2. Nf3 Nc6 3. Bc4 g6 4. c3 d6 5. h3 Nf6 6. Qe2 Qb6 7. O-O Bg7 8. Na3 O-O 9. Rb1 a5 10. d3 h6 11. Nb5 Rd8 12. a4 g5 13. Nh2 d5 14. exd5 Nxd5 15. f4 gxf4 16. Bxf4 Nxf4 17. Rxf4 Ne5 18. Qh5 Be6 19. Bxe6 Qxe6 20. Re1 Nxd3 21. Rfe4 Qg6 22. Qxg6 fxg6 23. R1e2 e5 24. Nf3 Nf4 25. Rd2 Rxd2 26. Nxd2 Rd8 27. Nc4 b6 28. Nba3 Nd3 29. Re2 Nf4 30. Rd2 Rxd2 31. Nxd2 Nd5 32. Nac4 Kf7 33. Kf2 Ke6 34. Kf3 Bf6 35. Ne4 Bd8 36. g3 Bc7 37. Ncd2 Ne7 38. Nf2 Nf5 39. Nfe4 Kd5 40. Nf6+ Kc6 41. g4 Ne7 42. Ke4 g5 43. Nf3 Ng6 44. Ng8 Nf4 45. Nxh6 Nxh3 46. Nxe5+ Bxe5 47. Kxe5 b5 48. b3 c4 49. Nf5 Kc5 50. Nd4 cxb3 51. Nxb3+ Kb6 52. axb5 Kxb5 53. c4+ Kxc4 54. Nxa5+ Kd3 55. Kf5 Ke3 56. Nc6 Kf3 1/2-1/2

[Event "33.Schlosspark-Open"]
[Site "Wiesbaden-Biebrich"]
[Date "2024.08.24"]
[Round "5.32"]
[White "Shanawaz Thabrez, Shahzaib"]
[Black "Müller, Riyanna"]
[Result "1-0"]
[WhiteElo "1857"]
[BlackElo "1981"]
[PlyCount "64"]
[EventDate "2024.08.22"]
[WhiteTeam "SK Langen"]
[BlackTeam "SC Landskrone"]

1. e4 d5 2. exd5 Qxd5 3. Nc3 Qd6 4. Nf3 Nf6 5. Be2 Nc6 6. d4 Bf5 7. Nb5 Qd8 8. Bf4 Nd5 9. Bg3 a6 10. c4 axb5 11. cxd5 Qxd5 12. O-O e6 13. Bxc7 Be7 14. a4 bxa4 15. Rxa4 O-O 16. Bg3 b5 17. Rxa8 Rxa8 18. Bd3 Bg4 19. Be2 Ra2 20. h3 Bf5 21. Qc1 h6 22. Rd1 Be4 23. Ne5 Bg5 24. f4 Bf6 25. Bf1 Qb3 26. Be1 Bxe5 27. dxe5 Rxb2 28. Rd6 Rc2 29. Qd1 Qe3+ 30. Kh1 Rc1 31. Rd8+ Kh7 32. Qd7 Nxd8 1-0

[Event "33.Schlosspark-Open"]
[Site "Wiesbaden-Biebrich"]
[Date "2024.08.24"]
[Round "5.33"]
[White "Feick, Claas Marten"]
[Black "Martin, Reiner"]
[Result "0-1"]
[WhiteElo "1811"]
[BlackElo "1974"]
[PlyCount "76"]
[EventDate "2024.08.22"]
[WhiteTeam "SF Neuberg"]
[BlackTeam "SC Bad Soden"]

1. e4 c5 2. Nf3 e6 3. d4 cxd4 4. Nxd4 a6 5. Bd3 Bc5 6. Nb3 Ba7 7. Nc3 Nc6 8. Qe2 Nge7 9. Be3 O-O 10. Bxa7 Rxa7 11. Rd1 Ne5 12. f4 Nxd3+ 13. Rxd3 b5 14. Qf2 Rc7 15. a3 f5 16. exf5 Nxf5 17. O-O Bb7 18. Nc5 Qc8 19. Nxb7 Qxb7 20. Rfd1 Qc6 21. h3 a5 22. g4 Ne7 23. Rd6 Qb7 24. Rb6 Qc8 25. Rxb5 Nc6 26. Ne4 e5 27. Nd6 Qa6 28. Rb6 Qa8 29. Nf5 g6 30. Nd6 Rxf4 31. Qc5 Nd4 32. Rb8+ Qxb8 33. Qd5+ Ne6 34. Qxe5 Qa7+ 35. Kh1 Qa8+ 36. Kg1 Rxc2 37. Rd5 Qa7+ 38. Rd4 Rxd4 0-1

[Event "33.Schlosspark-Open"]
[Site "Wiesbaden-Biebrich"]
[Date "2024.08.24"]
[Round "5.34"]
[White "Calvi, Stefan"]
[Black "Spiegel, Nina"]
[Result "1/2-1/2"]
[WhiteElo "1973"]
[BlackElo "1685"]
[PlyCount "90"]
[EventDate "2024.08.22"]
[WhiteTeam "SV Oberursel"]
[BlackTeam "Sfr Stiller Zug Wiesbaden"]

1. e4 c5 2. c3 g6 3. d4 cxd4 4. cxd4 d5 5. exd5 Nf6 6. Nc3 Nxd5 7. Qb3 Nxc3 8. bxc3 Bg7 9. Nf3 O-O 10. Be2 Qc7 11. Be3 Nc6 12. O-O Na5 13. Qc2 Bf5 14. Bd3 Bxd3 15. Qxd3 Nc4 16. Rac1 Rfd8 17. Nd2 Rac8 18. Nxc4 Qxc4 19. Qe4 Rd7 20. Qb1 b6 21. g3 Rd5 22. Qb3 e6 23. Rfe1 Bf8 24. h4 Rb5 25. Qxc4 Rxc4 26. Kf1 Ba3 27. Rc2 a6 28. Ke2 Rd5 29. Kd3 b5 30. Bf4 Bd6 31. Bg5 Bf8 32. Bf4 Bg7 33. g4 h6 34. f3 Rd8 35. g5 h5 36. Be5 Bxe5 37. Rxe5 Rdc8 38. Ree2 Kf8 39. Red2 Ke7 40. Re2 Kd6 41. a3 R8c7 42. Rf2 Kd5 43. Rfe2 Kd6 44. Rf2 Kd5 45. Rfe2 Kd6 1/2-1/2

[Event "33.Schlosspark-Open"]
[Site "Wiesbaden-Biebrich"]
[Date "2024.08.24"]
[Round "5.35"]
[White "Gundlach, Michael"]
[Black "Guddat, Jörn"]
[Result "1-0"]
[WhiteElo "2100"]
[BlackElo "1890"]
[PlyCount "85"]
[EventDate "2024.08.22"]
[WhiteTeam "Sfr.Mainz 1928"]
[BlackTeam "SV Eichlinghofen 1935"]

1. c4 e6 2. g3 d5 3. Nf3 c5 4. Bg2 Nc6 5. O-O Nf6 6. b3 Be7 7. e3 O-O 8. Qe2 b6 9. Bb2 Bb7 10. d3 Qc7 11. Nc3 a6 12. Rac1 dxc4 13. bxc4 Rfd8 14. Ne1 Rd7 15. f4 Nb4 16. a3 Bxg2 17. Qxg2 Nc6 18. g4 Rad8 19. g5 Ne8 20. Ne4 g6 21. Rc2 Rxd3 22. Nxd3 Rxd3 23. Qe2 Qd8 24. h4 Ng7 25. Bxg7 Kxg7 26. Rd2 Rxd2 27. Qxd2 Qxd2 28. Nxd2 Na5 29. Rb1 Bd8 30. Kf2 h6 31. Ke2 hxg5 32. hxg5 f5 33. gxf6+ Kxf6 34. Kd3 Nb7 35. Nf3 Kf5 36. Ne5 g5 37. Nf7 Bc7 38. Nxg5 e5 39. Nh3 exf4 40. Nxf4 b5 41. Nd5 bxc4+ 42. Kc2 Nd6 43. Nxc7 1-0

[Event "33.Schlosspark-Open"]
[Site "Wiesbaden-Biebrich"]
[Date "2024.08.24"]
[Round "5.36"]
[White "Heindrich, Mark"]
[Black "Hipler, Andreas"]
[Result "1-0"]
[WhiteElo "2058"]
[BlackElo "1862"]
[PlyCount "65"]
[EventDate "2024.08.22"]
[WhiteTeam "SAbt TuS Dotzheim"]
[BlackTeam "SK Gau-Algesheim"]

1. e4 c6 2. Nf3 d5 3. d3 dxe4 4. Ng5 Nf6 5. Nc3 Bg4 6. Qd2 e6 7. Ngxe4 Nbd7 8. Qf4 e5 9. Nxf6+ Nxf6 10. Qxe5+ Be7 11. f3 Be6 12. Bd2 Bd6 13. Qe2 O-O 14. Ne4 Re8 15. g4 Nxe4 16. dxe4 f5 17. gxf5 Bxf5 18. O-O-O Be6 19. Kb1 b5 20. Qe1 Qf6 21. Be2 Be5 22. Bc3 Bxc3 23. Qxc3 Qxc3 24. bxc3 Rad8 25. a3 Kf7 26. Kc1 g5 27. h4 Rxd1+ 28. Kxd1 gxh4 29. Rxh4 Kg6 30. f4 Bd7 31. Bd3 Re7 32. e5+ Bf5 33. Rg4+ 1-0

[Event "33.Schlosspark-Open"]
[Site "Wiesbaden-Biebrich"]
[Date "2024.08.24"]
[Round "5.37"]
[White "Schmitt, Clemens"]
[Black "Reitz, Philipp"]
[Result "1/2-1/2"]
[WhiteElo "1868"]
[BlackElo "2039"]
[PlyCount "103"]
[EventDate "2024.08.22"]
[WhiteTeam "SV Bergwinkel"]
[BlackTeam "VfR-SC Koblenz"]

1. c4 e5 2. Nc3 Nc6 3. Nf3 f5 4. d4 e4 5. Ne5 Nf6 6. Bg5 Bb4 7. e3 Bxc3+ 8. bxc3 d6 9. Nxc6 bxc6 10. Qa4 Bd7 11. c5 O-O 12. g3 Qe8 13. Bxf6 Rxf6 14. Qa5 Qb8 15. Bc4+ d5 16. Ba6 f4 17. exf4 Qb2 18. O-O e3 19. Rae1 Bh3 20. Re2 exf2+ 21. Rexf2 Qb8 22. Re1 Qd8 23. Bf1 Bf5 24. Rfe2 Rf7 25. Qa6 Qd7 26. Re3 Raf8 27. Bg2 h6 28. Qe2 Bg4 29. Bf3 Bxf3 30. Rxf3 Rf6 31. Re3 Qh3 32. Re8 Rxe8 33. Qxe8+ Kh7 34. Qe2 Qf5 35. Kg2 Rg6 36. Qe3 a5 37. Re2 Qf7 38. Qe8 Qf5 39. Qe3 Qf7 40. Kf3 Qf5 41. a3 Qh3 42. Qf2 Rf6 43. Re7 Qh5+ 44. Kg2 Qg6 45. Qe3 Qc2+ 46. Kh3 Qf5+ 47. g4 Qb1 48. Rxc7 Qf1+ 49. Kg3 Re6 50. Qxe6 Qg1+ 51. Kf3 Qf1+ 52. Kg3 1/2-1/2

[Event "33.Schlosspark-Open"]
[Site "Wiesbaden-Biebrich"]
[Date "2024.08.24"]
[Round "5.38"]
[White "Meding, Olaf"]
[Black "Neurohr, Jürgen"]
[Result "1/2-1/2"]
[WhiteElo "1856"]
[BlackElo "1999"]
[PlyCount "82"]
[EventDate "2024.08.22"]
[WhiteTeam "Sfr.Mainz 1928"]
[BlackTeam "Sfr.Mainz 1928"]

1. d4 Nf6 2. Nc3 d5 3. Bf4 e6 4. e3 Bb4 5. Nge2 O-O 6. a3 Bd6 7. Bg3 a6 8. Nf4 c5 9. dxc5 Bxc5 10. Nd3 Be7 11. Be2 Nc6 12. O-O b5 13. f4 d4 14. exd4 Nxd4 15. Bf3 Ra7 16. Ne5 Rc7 17. Bf2 Nxf3+ 18. Qxf3 Bb7 19. Qe2 Qa8 20. Bb6 Rcc8 21. Rad1 Bxa3 22. Nxb5 axb5 23. Ra1 b4 24. bxa3 Ba6 25. Nd3 bxa3 26. Rxa3 Bxd3 27. Qxd3 Qc6 28. Bd4 Qxc2 29. Bxf6 Qxd3 30. Rxd3 gxf6 31. f5 Rc2 32. h3 Re8 33. Rf4 Rc5 34. fxe6 Rxe6 35. h4 h5 36. Rg3+ Kf8 37. Rgf3 Ke7 38. Kh2 Rce5 39. Kh3 Re4 40. Rf5 R4e5 41. R5f4 Re4 1/2-1/2

[Event "33.Schlosspark-Open"]
[Site "Wiesbaden-Biebrich"]
[Date "2024.08.24"]
[Round "5.39"]
[White "Hendriks, Theo"]
[Black "Bratmann, Marc"]
[Result "1-0"]
[WhiteElo "2014"]
[BlackElo "1853"]
[PlyCount "45"]
[EventDate "2024.08.22"]
[WhiteTeam "SV Amstel"]
[BlackTeam "Sfr Stiller Zug Wiesbaden"]

1. e4 c6 2. d4 d5 3. Nd2 dxe4 4. Nxe4 Nf6 5. Nxf6+ exf6 6. Bc4 Bd6 7. Ne2 h5 8. Bf4 Qc7 9. Bxd6 Qxd6 10. Qd2 Be6 11. Bxe6 Qxe6 12. O-O O-O 13. Rfe1 Nd7 14. Ng3 Qd5 15. c4 Qxc4 16. Nxh5 Rfe8 17. Re3 Nb6 18. Rg3 Qe2 19. Rxg7+ Kf8 20. Qb4+ Re7 21. Rh7 Ke8 22. Nxf6+ Kd8 23. Qd6+ 1-0

[Event "33.Schlosspark-Open"]
[Site "Wiesbaden-Biebrich"]
[Date "2024.08.24"]
[Round "5.41"]
[White "Jansen, Malte"]
[Black "Marschner, Thomas"]
[Result "0-1"]
[WhiteElo "1842"]
[BlackElo "1986"]
[PlyCount "80"]
[EventDate "2024.08.22"]
[WhiteTeam "SJ Herborn 1998"]
[BlackTeam "SVG Eppstein 1932"]

1. e4 c5 2. Nf3 Nc6 3. d4 cxd4 4. Nxd4 e5 5. Nb5 d6 6. N1c3 a6 7. Na3 Be6 8. Nc4 Rb8 9. Be2 Be7 10. O-O Nf6 11. Ne3 O-O 12. a4 Nb4 13. Bf3 Rc8 14. Re1 Qc7 15. Re2 Nc6 16. Rd2 Nd4 17. Ncd5 Bxd5 18. exd5 Nxf3+ 19. Qxf3 Qd8 20. Ra3 Ne8 21. Re2 Bg5 22. Bd2 Qf6 23. Qg4 Rc5 24. b4 Rc7 25. h4 Bxe3 26. Bxe3 Qg6 27. Qf3 f5 28. h5 Qg4 29. Qxg4 fxg4 30. Bb6 Rc4 31. Bd8 Rxb4 32. Rb3 Rff4 33. Ree3 Rfc4 34. Kh2 Rxa4 35. Rxb7 Rxc2 36. Kg3 Raa2 37. Kxg4 Rxf2 38. g3 Nf6+ 39. Bxf6 gxf6 40. Rd7 h6 0-1

[Event "33.Schlosspark-Open"]
[Site "Wiesbaden-Biebrich"]
[Date "2024.08.24"]
[Round "5.42"]
[White "Gentner, Markus"]
[Black "Nischke, Klaus-Peter"]
[Result "1-0"]
[WhiteElo "1960"]
[BlackElo "1813"]
[PlyCount "101"]
[EventDate "2024.08.22"]
[WhiteTeam "SC Murrhardt 1948 e.V."]
[BlackTeam "Sfr.Heimersheim"]

1. Nf3 d5 2. c4 Nf6 3. g3 c5 4. cxd5 Nxd5 5. Bg2 Nc6 6. d4 Bf5 7. Nh4 Bxb1 8. Rxb1 cxd4 9. Qb3 Nb6 10. O-O e5 11. e3 Be7 12. Nf5 O-O 13. exd4 exd4 14. Bd2 Bf6 15. a4 Qd7 16. Be4 Rfe8 17. f3 Re5 18. g4 Na5 19. Qd3 Nxa4 20. b4 Nc6 21. b5 Ne7 22. Nxe7+ Rxe7 23. Bxh7+ Kh8 24. Bf5 Qd5 25. Be4 Nc5 26. Bxd5 Nxd3 27. g5 Bxg5 28. Bxb7 Rxb7 29. Bxg5 Rb6 30. Bh4 Re8 31. Rbd1 Nf4 32. Kh1 Ne2 33. Rfe1 Rbe6 34. Ra1 d3 35. Red1 Rh6 36. Be1 Re3 37. Bd2 Ng3+ 38. Kg1 Ne2+ 39. Kf2 Ree6 40. Bxh6 Rxh6 41. Rxd3 Rxh2+ 42. Ke3 Ng3 43. Rxa7 Re2+ 44. Kf4 Nh5+ 45. Kg4 Re5 46. Rb3 f6 47. f4 Rc5 48. Rh3 g6 49. Rd3 Rc8 50. Rdd7 Kg8 51. b6 1-0

[Event "33.Schlosspark-Open"]
[Site "Wiesbaden-Biebrich"]
[Date "2024.08.24"]
[Round "5.43"]
[White "Mohammadzadeh, Daris"]
[Black "Hauptmann, Thomas"]
[Result "1-0"]
[WhiteElo "1843"]
[BlackElo "1984"]
[PlyCount "41"]
[EventDate "2024.08.22"]
[WhiteTeam "Vorw.Orient Mainz"]
[BlackTeam "Fischer Z"]

1. d4 f5 2. Nc3 Nf6 3. Bg5 e6 4. e4 fxe4 5. Nxe4 Be7 6. Bxf6 Bxf6 7. Nf3 O-O 8. Bd3 b6 9. c3 Bb7 10. Qc2 g6 11. h4 Ba6 12. Bxa6 Nxa6 13. h5 g5 14. h6 Kh8 15. Rh5 Rg8 16. Qe2 Nb8 17. Qe3 g4 18. Nfg5 Qe7 19. Nxf6 Qxf6 20. Nf7+ Qxf7 21. Qe5+ 1-0

[Event "33.Schlosspark-Open"]
[Site "Wiesbaden-Biebrich"]
[Date "2024.08.24"]
[Round "5.44"]
[White "Tremöhlen, Thomas"]
[Black "Michalski, Uwe"]
[Result "1-0"]
[WhiteElo "1958"]
[BlackElo "1826"]
[PlyCount "59"]
[EventDate "2024.08.22"]
[WhiteTeam "Sportgemeinschaft Kaarst 1912/35"]
[BlackTeam "Sfr.Mainz 1928"]

1. d4 d5 2. Bf4 Nf6 3. e3 e6 4. Nd2 c5 5. c3 Nc6 6. Ngf3 Be7 7. Bd3 Nh5 8. Bg3 cxd4 9. exd4 Nxg3 10. hxg3 g6 11. Qe2 a6 12. Ne5 Nxe5 13. Qxe5 Bf6 14. Qe3 b5 15. b4 Qc7 16. f4 O-O 17. Rc1 Bd7 18. g4 Rfe8 19. Nf3 Bg7 20. g5 a5 21. Ne5 axb4 22. Qh3 bxc3 23. Qxh7+ Kf8 24. Bxg6 fxg6 25. Nxg6+ Kf7 26. Ne5+ Kf8 27. Rh6 Ke7 28. Qxg7+ Kd8 29. Rh7 Ra7 30. Qf6+ 1-0

[Event "33.Schlosspark-Open"]
[Site "Wiesbaden-Biebrich"]
[Date "2024.08.24"]
[Round "5.45"]
[White "Faßler, Felix"]
[Black "Förster, Jürgen"]
[Result "1-0"]
[WhiteElo "1808"]
[BlackElo "1956"]
[PlyCount "59"]
[EventDate "2024.08.22"]
[WhiteTeam "SC Fulda"]
[BlackTeam "SVG Eppstein 1932"]

1. e4 c6 2. d4 d5 3. e5 Bf5 4. h4 h5 5. Bg5 Qb6 6. Bd3 Bxd3 7. Qxd3 e6 8. Nf3 Nd7 9. O-O Ne7 10. c4 dxc4 11. Qxc4 O-O-O 12. a4 f6 13. Bd2 Nd5 14. Rc1 Kb8 15. Nc3 Qb4 16. Qe2 Qe7 17. a5 a6 18. b4 Nc7 19. Bf4 Ka8 20. exf6 Nxf6 21. Bxc7 Qxc7 22. b5 cxb5 23. Nxb5 Qd7 24. Nc7+ Ka7 25. Rab1 Qc8 26. Nb5+ axb5 27. Rxc8 Rxc8 28. Qxb5 Rc7 29. a6 Bd6 30. Qb6+ 1-0

[Event "33.Schlosspark-Open"]
[Site "Wiesbaden-Biebrich"]
[Date "2024.08.24"]
[Round "5.46"]
[White "Bremer, Vincent"]
[Black "Steigleder, Maximilian"]
[Result "1-0"]
[WhiteElo "1955"]
[BlackElo "1784"]
[PlyCount "69"]
[EventDate "2024.08.22"]
[WhiteTeam "TSG 1846 Bretzenheim/ZMO"]
[BlackTeam "Sfr.1932 Kelkheim"]

1. e4 c5 2. d4 cxd4 3. c3 d5 4. exd5 Qxd5 5. Nf3 Nc6 6. cxd4 Bg4 7. Be2 e6 8. Nc3 Bb4 9. O-O Bxc3 10. bxc3 Nf6 11. Ba3 O-O-O 12. Re1 e5 13. Qa4 e4 14. Ne5 Bxe2 15. Nxc6 Qxc6 16. Qxc6+ bxc6 17. Rxe2 Kc7 18. Bc1 c5 19. Bf4+ Kc6 20. Be5 Nd5 21. dxc5 f6 22. Bd4 e3 23. fxe3 Nc7 24. Rb1 Ne6 25. Kf2 Rd7 26. Reb2 Nxc5 27. Rb8 Rxb8 28. Rxb8 Ne4+ 29. Kf3 Nd6 30. g4 h6 31. Rb4 a5 32. Rb6+ Kd5 33. Ra6 Kc4 34. Rxa5 Nb5 35. Ra4+ 1-0

[Event "33.Schlosspark-Open"]
[Site "Wiesbaden-Biebrich"]
[Date "2024.08.24"]
[Round "5.47"]
[White "Faulhaber, Tobias"]
[Black "Donecker, Stefan"]
[Result "1/2-1/2"]
[WhiteElo "1931"]
[BlackElo "1770"]
[PlyCount "58"]
[EventDate "2024.08.22"]
[WhiteTeam "SC Schifferstadt"]
[BlackTeam "SAbt TuS Dotzheim"]

1. e4 e6 2. d4 d5 3. exd5 exd5 4. Bd3 c5 5. dxc5 Bxc5 6. Ne2 Nf6 7. Nd2 Bxf2+ 8. Kf1 Ng4 9. Nf3 Ne3+ 10. Bxe3 Bxe3 11. Bb5+ Nc6 12. Qd3 Bb6 13. Ned4 Bxd4 14. Re1+ Be6 15. Nxd4 O-O 16. Bxc6 bxc6 17. Nxc6 Qf6+ 18. Kg1 Qxb2 19. Re5 Rfe8 20. h3 Qxa2 21. Kh2 Qc4 22. Qxc4 dxc4 23. Ra1 Kf8 24. Rea5 Bd7 25. Ne5 Be6 26. Rxa7 Rxa7 27. Rxa7 Rc8 28. c3 Ke8 29. Kg1 Rc5 1/2-1/2

[Event "33.Schlosspark-Open"]
[Site "Wiesbaden-Biebrich"]
[Date "2024.08.24"]
[Round "5.48"]
[White "van Bömmel, Philipp"]
[Black "Schulze, Nick"]
[Result "0-1"]
[WhiteElo "1800"]
[BlackElo "1900"]
[PlyCount "46"]
[EventDate "2024.08.22"]
[WhiteTeam "SC 1979 Hattersheim"]
[BlackTeam "SV Rochade Magdeburg 96"]

1. Nf3 Nf6 2. g3 g6 3. Bg2 Bg7 4. d3 O-O 5. e4 d6 6. O-O Nbd7 7. Re1 e5 8. c3 Nc5 9. Qc2 Nh5 10. b4 Ne6 11. Nbd2 f5 12. Bb2 Nf6 13. d4 Nxe4 14. Nxe4 fxe4 15. Qxe4 d5 16. Qe3 e4 17. Ne5 Ng5 18. f4 Nf7 19. c4 c6 20. Red1 Nd6 21. Bf1 Nf5 22. Qb3 Be6 23. a4 g5 0-1

[Event "33.Schlosspark-Open"]
[Site "Wiesbaden-Biebrich"]
[Date "2024.08.24"]
[Round "5.49"]
[White "Pauls, Wilhelm"]
[Black "John, Volkmar"]
[Result "1-0"]
[WhiteElo "1921"]
[BlackElo "1756"]
[PlyCount "37"]
[EventDate "2024.08.22"]
[WhiteTeam "Sportgemeinschaft Kaarst 1912/35"]
[BlackTeam "SK Herborn 1946"]

1. e4 c6 2. d4 d5 3. exd5 cxd5 4. c4 Nf6 5. Nc3 e6 6. Nf3 Nc6 7. Bg5 Be7 8. Rc1 a6 9. a3 dxc4 10. Bxc4 b5 11. Bb3 Bb7 12. O-O O-O 13. Qd3 Qd7 14. Rfe1 Rfe8 15. Rcd1 Rad8 16. h4 b4 17. axb4 Nxb4 18. Qe2 Qc6 19. Ba4 1-0

[Event "33.Schlosspark-Open"]
[Site "Wiesbaden-Biebrich"]
[Date "2024.08.24"]
[Round "5.50"]
[White "Fröhlich-Dill, Astrid"]
[Black "Brechlin, Olaf"]
[Result "1/2-1/2"]
[WhiteElo "1794"]
[BlackElo "1917"]
[PlyCount "20"]
[EventDate "2024.08.22"]
[WhiteTeam "SV 1920 Hofheim"]
[BlackTeam "FVS ASP Hoyerswerda"]

1. d4 d5 2. c4 Nc6 3. Nf3 Bg4 4. e3 e5 5. cxd5 Qxd5 6. Nc3 Bb4 7. Be2 exd4 8. exd4 O-O-O 9. Be3 Nf6 10. O-O Qa5 1/2-1/2

[Event "33.Schlosspark-Open"]
[Site "Wiesbaden-Biebrich"]
[Date "2024.08.24"]
[Round "5.51"]
[White "Bartsch, Marius"]
[Black "Stehning, Ralf"]
[Result "1/2-1/2"]
[WhiteElo "1750"]
[BlackElo "1912"]
[PlyCount "39"]
[EventDate "2024.08.22"]
[WhiteTeam "Wiesbadener SV 1885"]
[BlackTeam "SF Braunfels"]

1. e4 e5 2. Nf3 Nc6 3. Nc3 Nf6 4. d4 exd4 5. Nxd4 Bb4 6. Nxc6 bxc6 7. Bd3 d5 8. O-O Bxc3 9. bxc3 dxe4 10. Qe2 O-O 11. Bxe4 Nxe4 12. Qxe4 Qd5 13. Qxd5 cxd5 14. Bf4 c6 15. Rfe1 Bf5 16. Re2 Rae8 17. Rae1 Re4 18. Rxe4 Bxe4 19. Rb1 Bxc2 20. Rb8 1/2-1/2

[Event "33.Schlosspark-Open"]
[Site "Wiesbaden-Biebrich"]
[Date "2024.08.24"]
[Round "5.52"]
[White "Berberich, Christoph"]
[Black "Kappeler, Georg"]
[Result "1-0"]
[WhiteElo "1904"]
[BlackElo "1737"]
[PlyCount "158"]
[EventDate "2024.08.22"]
[WhiteTeam "SK Freiburg-Zähringen 1887 e.V."]
[BlackTeam "SK Marburg 1931/72"]

1. Nf3 c5 2. e3 Nf6 3. b3 g6 4. Bb2 Bg7 5. c4 Nc6 6. Nc3 O-O 7. Rc1 e5 8. d3 d6 9. Be2 Ne8 10. O-O f5 11. Nd5 e4 12. Bxg7 exf3 13. Bxf8 fxe2 14. Qxe2 Kxf8 15. Qb2 Kg8 16. d4 Be6 17. dxc5 dxc5 18. Rcd1 Bxd5 19. Rxd5 Qe7 20. Rfd1 Nf6 21. Rd6 Rd8 22. Rxd8+ Nxd8 23. Qd2 Nc6 24. h3 Kf7 25. Qd3 Ke8 26. Qd2 Qd7 27. Qc2 Qe6 28. Qd3 Qe7 29. Qc3 Nb4 30. Qb2 Kf7 31. Qd2 Nc6 32. Qb2 Qc7 33. Rd2 Ke7 34. Qc3 Qe5 35. Qd3 b6 36. Rd1 Qc7 37. Qc3 Ne5 38. Qb2 h6 39. f4 Nc6 40. Qc3 Nd8 41. Qb2 Nc6 42. Rd2 Qc8 43. Rd1 Qe6 44. Qc3 Nb4 45. Qd2 Nd7 46. Kf2 Nc6 47. Kf1 Nd8 48. Ke2 Nf7 49. Qc3 Nf6 50. Qa1 Nd6 51. Qc3 Nde4 52. Qb2 g5 53. Kf3 Qc6 54. Ke2 gxf4 55. exf4 Ng5 56. Kf1 Ne6 57. Qe5 Qe4 58. Re1 Qd3+ 59. Kg1 Qd4+ 60. Kh1 Qxe5 61. Rxe5 Ne4 62. g4 Kf6 63. Rxf5+ Kg6 64. Re5 Ng3+ 65. Kg2 Nxf4+ 66. Kxg3 Nd3 67. Re7 a6 68. Re6+ Kg7 69. Rxb6 Nb4 70. Rxb4 cxb4 71. Kf4 Kf6 72. h4 a5 73. g5+ hxg5+ 74. hxg5+ Ke6 75. Ke4 Kd6 76. Kf5 Kc5 77. Ke5 a4 78. g6 axb3 79. axb3 Kb6 1-0

[Event "33.Schlosspark-Open"]
[Site "Wiesbaden-Biebrich"]
[Date "2024.08.24"]
[Round "5.54"]
[White "Froitzheim, Ralf"]
[Black "Gerber, Ingo"]
[Result "1/2-1/2"]
[WhiteElo "1891"]
[BlackElo "1693"]
[PlyCount "48"]
[EventDate "2024.08.22"]
[WhiteTeam "SG Niederkassel"]
[BlackTeam "Sfr.Mainz 1928"]

1. c4 Nf6 2. Nc3 g6 3. g3 Bg7 4. Bg2 O-O 5. Nf3 d6 6. O-O e5 7. d3 Nc6 8. Rb1 Rb8 9. b4 Re8 10. Bg5 h6 11. Bxf6 Bxf6 12. Qd2 Kg7 13. e3 Be6 14. b5 Ne7 15. Ne4 Ng8 16. Nxf6 Nxf6 17. Qc3 Bf5 18. Nd2 Qd7 19. Rbe1 Bh3 20. f4 Bxg2 21. Kxg2 c6 22. fxe5 dxe5 23. Nf3 Qc7 24. a4 c5 1/2-1/2

[Event "33.Schlosspark-Open"]
[Site "Wiesbaden-Biebrich"]
[Date "2024.08.24"]
[Round "5.55"]
[White "Fang, Borui"]
[Black "Kail, Sindy"]
[Result "1/2-1/2"]
[WhiteElo "1720"]
[BlackElo "1879"]
[PlyCount "58"]
[EventDate "2024.08.22"]
[WhiteTeam "SV Oberursel"]
[BlackTeam "SK 1925 Großwallstadt"]

1. e4 c5 2. Nc3 a6 3. g3 Nc6 4. Bg2 g6 5. Nge2 Bg7 6. d3 d6 7. O-O Nf6 8. h3 O-O 9. Kh2 Ne8 10. Be3 e5 11. f4 f5 12. Rb1 Nd4 13. Nd5 Nc7 14. Nb6 Rb8 15. Nxc8 Qxc8 16. c3 Nxe2 17. Qxe2 Ne6 18. exf5 Rxf5 19. Be4 Rf8 20. f5 gxf5 21. Bxf5 Rxf5 22. Rxf5 Nd4 23. cxd4 Qxf5 24. Rf1 Qe6 25. dxc5 dxc5 26. b3 Qd5 27. Qc2 Rd8 28. Qc4 b5 29. Qxd5+ Rxd5 1/2-1/2

[Event "33.Schlosspark-Open"]
[Site "Wiesbaden-Biebrich"]
[Date "2024.08.24"]
[Round "5.56"]
[White "Joshi, Kanad"]
[Black "Wunschik, Joachim"]
[Result "0-1"]
[WhiteElo "1672"]
[BlackElo "1879"]
[PlyCount "92"]
[EventDate "2024.08.22"]
[WhiteTeam "SV Oberursel"]
[BlackTeam "SV Rüsselsheim 1929"]

1. e4 c5 2. Nf3 Nc6 3. d3 e5 4. g3 d6 5. Bg2 Be7 6. O-O g5 7. Nc3 g4 8. Ne1 Nf6 9. f4 h5 10. fxe5 dxe5 11. Qe2 Be6 12. Qf2 Rg8 13. Be3 b6 14. a4 Qd7 15. Nd5 Nxd5 16. exd5 Bxd5 17. c4 Bxg2 18. Nxg2 f6 19. Qf5 Qxf5 20. Rxf5 Rh8 21. Nh4 Rd8 22. Ng6 Rh7 23. Nxe7 Kxe7 24. Raf1 Rd6 25. a5 Nxa5 26. Ra1 Nc6 27. Ra6 Ke6 28. Rf1 Nb4 29. Ra4 Rxd3 30. Bc1 a5 31. Ra3 Rhd7 32. Bh6 Rd1 33. Ra1 Rxa1 34. Rxa1 Nc2 35. Rc1 Nd4 36. Kf2 Nf3 37. Kg2 f5 38. h3 e4 39. Bf4 Rd3 40. hxg4 hxg4 41. Kf2 Rb3 42. Rc2 Nd4 43. Rd2 Rf3+ 44. Kg2 e3 45. Rd1 Rf2+ 46. Kh1 e2 0-1

[Event "33.Schlosspark-Open"]
[Site "Wiesbaden-Biebrich"]
[Date "2024.08.24"]
[Round "5.58"]
[White "De Kruif, Kees"]
[Black "Shanmuganathan, Adhav"]
[Result "1-0"]
[WhiteElo "1859"]
[BlackElo "1590"]
[PlyCount "59"]
[EventDate "2024.08.22"]
[WhiteTeam "Fischer Z"]
[BlackTeam "SV 1934 Ffm-Griesheim"]

1. b4 e5 2. Bb2 e4 3. c4 Bxb4 4. Bxg7 e3 5. fxe3 Qg5 6. Bxh8 Bd6 7. Qc2 Qh4+ 8. Kd1 Nf6 9. Nf3 Qh6 10. Bxf6 Qxf6 11. Nc3 h6 12. Rb1 c6 13. Ne4 Qe7 14. Nxd6+ Qxd6 15. Qe4+ Kd8 16. g3 Na6 17. Bh3 Qa3 18. Qc2 Nc5 19. Ne5 f6 20. Nf7+ Kc7 21. Rf1 d6 22. Bxc8 Rxc8 23. Rxf6 Rf8 24. Rf3 h5 25. Ng5 Rg8 26. Qh7+ Nd7 27. Ne6+ Kc8 28. Qxg8+ Nf8 29. Rxf8+ Kd7 30. Qf7# 1-0